Fest, Brauch, Identität
| Titel: | Fest, Brauch, Identität : ungarisch-deutsche Kontaktfelder ; Beiträge zur Tagung des Johannes-Künzig-Instituts, 8. - 10. Juni 2005 = Ünnep, szokás, identitás / hrsg. von Csilla Schell ... |
|---|---|
| Beteiligt: | |
| Veröffentlicht: | Freiburg : Johannes-Künzig-Institut für ostdeutsche Volkskunde, 2008 |
| Umfang: | XII, 288 Seiten : Illustrationen |
| Format: | Buch |
| Sprache: | Deutsch |
| Schriftenreihe/ mehrbändiges Werk: |
Schriftenreihe des Johannes-Künzig-Instituts ; 9 |
| RVK-Notation: | |
| ISBN: | 3931905470 |
| Hinweise zum Inhalt: |
Inhaltsverzeichnis
|
alg: 20269537 001A $03004:05-08-08 001B $01999:23-04-24 $t15:27:42.000 001D $00004:13-08-08 001U $0utf8 001X $00 002@ $0Aau 002C $aText $btxt $2rdacontent 002D $aohne Hilfsmittel zu benutzen $bn $2rdamedia 002E $aBand $bnc $2rdacarrier 003@ $0202695379 003O $0315912861 $aOCoLC 004A $03-931905-47-0 004K $09783931905477 006G $0989862534 006T $008,N34,0360 006U $008,B41,0347 $f20080804 007A $0202695379 $aHEB 007G $0DE020CC7023705A65740EC1257A8A00506B9B 007T $0Herdhh202695379 009P $qapplication/pdf $A2 $3Inhaltsverzeichnis $uhttp://scans.hebis.de/HEBCGI/show.pl?20269537_toc.pdf $mV:DE-603;B:DE-Mb50 010@ $ager 011@ $a2008 013D $RWissenschaftliche Literatur $RAufsatzsammlung $71071861417 $8Konferenzschrift [Ts1] $9359646190 $y2005 $zFreiburg, Breisgau 021A $aFest, Brauch, Identität $dungarisch-deutsche Kontaktfelder ; Beiträge zur Tagung des Johannes-Künzig-Instituts, 8. - 10. Juni 2005 $fÜnnep, szokás, identitás $hhrsg. von Csilla Schell ... 027A $aÜnnep, szokás, identitás 028C $BHerausgeber $4edt $7136055265 $8Schell, Csilla$Z1966- [Tp3] $9202924327 033A $pFreiburg $nJohannes-Künzig-Institut für ostdeutsche Volkskunde 034D $aXII, 288 Seiten 034M $aIllustrationen 036E $aSchriftenreihe des Johannes-Künzig-Instituts $l9 036F $x19 $8Schriftenreihe des Johannes-Künzig-Instituts $9070774382 $l9 044K $RÖsterreich-Ungarn $#Ungarn $#Ungarn $#Ungarische Räterepublik $#Königreich Ungarn $#Die @Länder der ungarischen Krone $#Transleithanien $#Magyarország $#Magyar Köztársaság $#Magyar Tanácsköztársaság $#Government of the Hungarian Republic $#Zemalja Ugarske Krune $#VNR $#Ungern $#Ungarische Republik $#Republik Ungarn $#Ungarische Volksrepublik $#Volksrepublik Ungarn $#Magyar Népköztársaság $#Hungary $#Hungarian Republic $#Hongrie $#Vengerskaja Narodnaja Respublika $#Hungarian People's Republic $#HPR Hungarian People's Republic $#République Populaire Hongroise $#Ungarische VR $#Republic of Hungary $#Vengrija $74078541-5 $8Ungarn [Tgz] $9085222712 044K $RDeutsches Sprachgebiet $RDeutschland $RDeutschland $#Deutsche Länder $#Germany Deutschland $#Heiliges Römisches Reich $#Rheinbund $#Deutscher Bund $#Norddeutscher Bund $#Deutsches Reich $#Deutschland Gebiet unter Alliierter Besatzung $#Deutschland Bundesrepublik, 1990- $#BRD 1990- $#Federal Republic of Germany Deutschland $#Republic of Germany Deutschland $#Allemagne Deutschland $#Ǧumhūrīyat Almāniyā al-Ittiḥādīya $#Bundesrepublik Deutschland 1990- $#BRD $#Niemcy $#République Fédérale d'Allemagne Deutschland $#Repubblica Federale di Germania Deutschland $#Germanija $#Federativnaja Respublika Germanija $#FRG $#Deyizhi-Lianbang-Gongheguo $74011882-4 $8Deutschland [Tg1] $9085025550 044K $#Deutsche Ungarn $74061720-8 $8Ungarndeutsche [Ts1] $9085171425 044K $RSitte $RVolkskultur $#Manners and customs $#Moeurs et coutumes $#Brauchtum $#Brauchtum $#Volksbrauch $#Bräuche $#Volksbrauchtum $#Volksbräuche $74008017-1 $8Brauch [Ts1] $9085013595 044K $RKultur $RIdentität $REthnizität $REthnische Identität $#Group Identity $#Identité collective $#Identidad cultural $#Kulturelle Identität $#kulturelle Identität $#Identität Kultur $#Kulturelles Bewusstsein $74033542-2 $8Kulturelle Identität [Ts1] $9085089605 045E $c390 045F $a390.09439 $eDDC22ger 045F/01 $a390.09 045F/03 $g439 045G $a390.089310439 $eDDC22ger 045G/01 $a390.08 045G/03 $g439 045G/03 $l31 045H $a390.09439 $eDDC23BSB 045H/01 $a390 045H/03 $g439 045I $a305.8009439 $eDDC23BSB 045I/01 $a305.8009 045I/03 $g439 045J $a306.09439 $eDDC23BSB 045J/01 $a306.09 045J/03 $g439 045Z $8NR 9600 [Tkv] $9410932809 lok: 20269537 24 101B $028-08-08 $t14:40:46.000 101C $028-08-08 101U $0utf8 145Z/01 $a54 3 M 145Z/02 $a54 3 D 145Z/03 $a54 3 N 145Z/04 $a54 3 C 145Z/05 $a54 15 L 145Z/06 $a54 3 O 145Z/07 $a54 3 H 145Z/08 $a54 3 F exp: 20269537 24 1 #EPN 201B/01 $028-08-08 $t14:40:46.000 201C/01 $005-08-08 201U/01 $0utf8 203@/01 $0547626126 208@/01 $a28-08-08 $bz 209A/01 $a08.3685 $du $f050 $h08 3685 $x00 209C/01 $a08.3685 T $h08 3685 T 209G/01 $a72170482 $x00 220C/01 $ahae 247C/01 $8358050-7Marburg, Bibliothek des Herder-Instituts Marburg $9102600961 lok: 20269537 25 101B $011-08-08 $t14:50:58.000 101C $011-08-08 101U $0utf8 145S/01 $a380zb exp: 20269537 25 1 #EPN 201B/01 $006-10-08 $t11:32:08.000 201C/01 $011-08-08 201U/01 $0utf8 203@/01 $0548062862 208@/01 $a06-10-08 $bzu 209A/01 $a243.716 $du $f000 $x00 209G/01 $a39300750 $x00 209G/01 $aFREIHAND $x01 247C/01 $8651000-0 <77>Mainz, Universität Mainz, Zentralbibliothek $9102599602 exp: 20269537 25 2 #EPN 201B/02 $031-01-23 $t14:37:34.000 201C/02 $001-09-08 201U/02 $0utf8 203@/02 $0548882185 208@/02 $a01-09-08 $bzic 209A/02 $aQ 13 - F 5 $dd $f070 $x00 209C/02 $a08/Geschenk Germanistik 209G/02 $a70762063 $x00 209G/02 $aGermanistik $x01 247C/02 $8651070-x <77/070>Mainz, Universität Mainz, Bereichsbibliothek Philosophicum, Standorte Germanistik I / Kulturanthropologie und Germanistik II $9102600198 lok: 20269537 78 exp: 20269537 78 1 #EPN 201B/01 $019-04-17 $t21:21:12.000 201U/01 $0utf8 203@/01 $0793344085 208@/01 $a12-11-16 $be 209A/01 $a/ $f000 $x00 220C/01 $aTitelaufnehmer: gk;cs 237A/01 $aweiterführende Signatur(en): Herder-Institut: 08.3685 244Z/01 $2Trx $#Ungari $#Vengrija $#Ungārija $#Ungarn $#Hungary $#Węgry $#Maďarsko $#Maďarsko $#Uhorsko $#Uhersko;Uhry $8--Trx--Magyarország $x01 $9391197150 244Z/01 $2Trx $#kombestik $#papročiai $#Traditions $#hagyomány $#obrzędy i zwyczaje ludowe $#zvyky ľudové $#zvyky lidové $#Sitten und Bräuche $#obrady $8--Trx--Brauchtum $x02 $9391369725 244Z/01 $2Trx $#suhted, Saksa-Ungari $#santykiai, vengrų ir vokiečių $#relations, German-Hungarian $#kapcsolatok, magyar-német $#stosunki niemiecko-węgierskie $#vzťahy maďarsko-nemecké $#vztahy maďarsko-německé $8--Trx--Beziehungen, deutsch-ungarische $x03 $9391365835 244Z/01 $2Trx $#dzieło zbiorowe $8--Trx--Sammelwerk $x04 $9391384597 245Z/01 $a01.03 $x01 247C/01 $82080>Marburg/Lahn, Herder-Institut, Forschungsbibliothek, Bibliographieportal $9336309341 lok: 20269537 205 exp: 20269537 205 1 #EPN 201B/01 $009-09-08 $t07:49:05.000 201C/01 $027-08-08 201U/01 $0utf8 203@/01 $0548725446 208@/01 $a27-08-08 $bz 209A/01 $aHv 2008/0128 $du $f000 $x00 209C/01 $anel0809hv 209G/01 $a51239130 $x00 247C/01 $8351000-1 <4>Marburg, Universität Marburg, Universitätsbibliothek $9102594767 exp: 20269537 205 2 #EPN 201B/02 $010-03-18 $t08:18:57.000 201C/02 $013-08-08 201U/02 $0utf8 203@/02 $0548140499 208@/02 $a13-08-08 $bz 209A/02 $a001 LCZ Br 1100 $db $f000 $x00 209B/02 $a80 $x05 209C/02 $a34 2008/0135 209C/02 $anel0808bethno 209G/02 $a66451313 $x00 209G/02 $aFreihandbereich $x01 220B/02 $aaltbik364 220C/02 $acbd 247C/02 $8351000-1 <4>Marburg, Universität Marburg, Universitätsbibliothek $9102594767
| LEADER | 00000cam a2200000 c 4500 | ||
|---|---|---|---|
| 001 | 202695379 | ||
| 003 | DE-603 | ||
| 005 | 20240423152742.0 | ||
| 007 | tu | ||
| 008 | 080805s2008 xx |||| | u10||u|ger | ||
| 015 | |a 08,B41,0347 |z 08,N34,0360 |2 dnb | ||
| 016 | 7 | |2 DE-101 |a 989862534 | |
| 020 | |a 3931905470 | ||
| 024 | 3 | |a 9783931905477 | |
| 035 | |a (DE-599)HEB202695379 | ||
| 035 | |a (OCoLC)315912861 | ||
| 040 | |a DE-603 |b ger |c DE-603 |d DE-603 | ||
| 041 | |a ger | ||
| 082 | 0 | 4 | |8 1\u |a 390.09439 |q DE-101 |2 22/ger |
| 083 | 0 | |8 2\u |a 390.089310439 |q DE-101 |2 22/ger | |
| 083 | 0 | |8 3\u |a 390.09439 |q DE-101 |2 23/BSB | |
| 083 | 0 | |8 4\u |a 305.8009439 |q DE-101 |2 23/BSB | |
| 083 | 0 | |8 5\u |a 306.09439 |q DE-101 |2 23/BSB | |
| 084 | |a 390 |q DE-101 |2 sdnb | ||
| 084 | |a NR 9600 |0 (DE-625)130295: |0 (DE-603)410932809 |2 rvk | ||
| 085 | |8 1\u |b 390.09 | ||
| 085 | |8 1\u |z 2 |s 439 | ||
| 085 | |8 2\u |b 390.08 | ||
| 085 | |8 2\u |z 2 |s 439 | ||
| 085 | |8 2\u |z 5 |s 31 | ||
| 085 | |8 3\u |b 390 | ||
| 085 | |8 3\u |z 2 |s 439 | ||
| 085 | |8 4\u |b 305.8009 | ||
| 085 | |8 4\u |z 2 |s 439 | ||
| 085 | |8 5\u |b 306.09 | ||
| 085 | |8 5\u |z 2 |s 439 | ||
| 245 | 0 | 0 | |a Fest, Brauch, Identität |b ungarisch-deutsche Kontaktfelder ; Beiträge zur Tagung des Johannes-Künzig-Instituts, 8. - 10. Juni 2005 = Ünnep, szokás, identitás |c hrsg. von Csilla Schell ... |
| 246 | 1 | 3 | |a Ünnep, szokás, identitás |
| 264 | 1 | |a Freiburg |b Johannes-Künzig-Institut für ostdeutsche Volkskunde |c 2008 | |
| 300 | |a XII, 288 Seiten |b Illustrationen | ||
| 336 | |a Text |b txt |2 rdacontent | ||
| 337 | |a ohne Hilfsmittel zu benutzen |b n |2 rdamedia | ||
| 338 | |a Band |b nc |2 rdacarrier | ||
| 490 | 1 | |a Schriftenreihe des Johannes-Künzig-Instituts |v 9 | |
| 650 | 7 | |a Ungarndeutsche |0 (DE-588)4061720-8 |0 (DE-603)085171425 |2 gnd | |
| 650 | 7 | |a Brauch |0 (DE-588)4008017-1 |0 (DE-603)085013595 |2 gnd | |
| 650 | 7 | |a Kulturelle Identität |0 (DE-588)4033542-2 |0 (DE-603)085089605 |2 gnd | |
| 651 | 7 | |a Ungarn |0 (DE-588)4078541-5 |0 (DE-603)085222712 |2 gnd | |
| 651 | 7 | |a Deutschland |0 (DE-588)4011882-4 |0 (DE-603)085025550 |2 gnd | |
| 655 | 7 | |a Konferenzschrift |y 2005 |z Freiburg, Breisgau |2 gnd-content |0 (DE-588)1071861417 |0 (DE-603)359646190 | |
| 700 | 1 | |a Schell, Csilla |d 1966- |e Herausgeber |4 edt |0 (DE-603)202924327 |0 (DE-588)136055265 |2 gnd | |
| 810 | 2 | 2 | |a Johannes-Künzig-Institut für Ostdeutsche Volkskunde |t Schriftenreihe des Johannes-Künzig-Instituts |v 9 |w (DE-603)070774382 |w (DE-600)2026662-5 |9 19 |7 as |
| 856 | 4 | 2 | |m V:DE-603;B:DE-Mb50 |q application/pdf |u http://scans.hebis.de/HEBCGI/show.pl?20269537_toc.pdf |3 Inhaltsverzeichnis |
| 924 | 0 | |9 Mb 50 |a (DE-603)547626126 |b DE-Mb50 |c HES |d c |g 08.3685 | |
| 924 | 0 | |9 77 |a (DE-603)548062862 |b DE-77 |c HES |d c |g 243.716 |h FREIHAND | |
| 924 | 0 | |9 77/070 |a (DE-603)548882185 |b DE-77-070 |c HES |d d |g Q 13 - F 5 | |
| 924 | 0 | |9 2080 |a (DE-603)793344085 |b DE-2080 |c HES |d d |g / | |
| 924 | 0 | |9 4 |a (DE-603)548725446 |b DE-4 |c HES |d c |g Hv 2008/0128 | |
| 924 | 0 | |9 4 |a (DE-603)548140499 |b DE-4 |c HES |d c |g 001 LCZ Br 1100 |h Freihandbereich | |


